Normal view MARC view
  • CRAUDER,BRUCE

Entry Personal Name

Number of records used in: 1

001 - CONTROL NUMBER

  • control field: 134193

003 - CONTROL NUMBER IDENTIFIER

  • control field: NUST

005 - DATE AND TIME OF LATEST TRANSACTION

  • control field: 20260417150218.0

008 - FIXED-LENGTH DATA ELEMENTS

  • fixed length control field: 260417|| aca||aabn | a|a d

040 ## - CATALOGING SOURCE

  • Original cataloging agency: NUST
  • Transcribing agency: NUST

100 ## - HEADING--PERSONAL NAME

  • Personal name: CRAUDER,BRUCE

670 ## - SOURCE DATA FOUND

  • Source citation: Work cat.: (NUST): CRAUDER,BRUCE., FUNCTIONS AND CHANGE A MODELING APPROACH TO COLLEGE ALGEBRA /, 2007.
© 2023 Central Library, National University of Sciences and Technology. All Rights Reserved.